Vetřelec 007 kdopak to tady čmuchá?

Bibliographic Details
Other Authors: Baldwin, Peter, 1931- (Author of dialog), Dangerfield, Rodney (uci), Reynolds, Burt, 1936-2018 (uci), Mazar, Debi (uci), Stiers, David Ogden, 1942-2018 (uci)
Format: Book
Language:Czech
PhysicalDescription:1 videokazeta (107 min.) stereo, fareb., VHS systém PAL 10x19 cm
Published: Bratislava Intersonic 1997
Subjects:

MARC

LEADER 00000nam a2200000 a 4500
001 vtls001305598
003 SK-MaSNL
005 20260301004949.0
008 251031s1997 xo 0 cze
015 |a SNBJ1997/04-01602 
035 |a SNK000257825 
040 |a SNK  |b slo  |c SNK  |e AACR2 
041 0 |a cze 
044 |a xo  |c SK 
080 |a 791.43-22(73)(086.8)  |2 1981 
240 1 0 |a Meet wally sparks  |l Česky 
245 1 |a Vetřelec 007  |h videozáznam  |b kdopak to tady čmuchá?  |c réžia Peter Baldwin 
260 |a Bratislava  |b Intersonic  |c 1997 
300 |a 1 videokazeta (107 min.)  |b stereo, fareb., VHS systém PAL  |c 10x19 cm 
511 |a Hrajú: Rodney Dangerfield (Wally), Burt Reynolds (Spencer), Debi Mazarová (Sandy), David Ogden Stiers (Preston) 
521 |a Mládeži do 15 r. nevhodné 
650 0 7 |a filmová komédia  |2 SNK  |9 73961 
655 7 |a videokazety  |2 SNK  |9 70726 
700 1 |a Baldwin, Peter,  |d 1931-  |4 aud  |9 41251 
700 1 |a Dangerfield, Rodney  |4 uci  |9 288554 
700 1 |a Reynolds, Burt,  |d 1936-2018  |4 uci  |9 177153 
700 1 |a Mazar, Debi  |4 uci  |9 40889 
700 1 |a Stiers, David Ogden,  |d 1942-2018  |4 uci  |9 46979 
730 |t Meet wally sparks  |9 288555 
999 |c 543813  |d 545743 
952 |t P60, <03>, [BOOK], {603}  |a SNK  |b SNK  |y PREZ  |7 0  |p 17A0092351  |o snkSVC 915  |i snkJK 490/97  |0 0  |1 0  |4 0  |d 1997-10-07  |l 0  |r 2005-01-02 00:00:00  |w 2026-02-23